[Event "Titled Tuesday intern op 06th May Early"]
[Site "Chess.com INT"]
[Date "2025.05.06"]
[Round "2"]
[White "Ho, In Hei Henry"]
[Black "Roubalik, Jakub"]
[Result "0-1"]
[WhiteElo "1806"]
[BlackElo "2337"]
[PlyCount "114"]
[EventDate "2025.05.06"]
[EventType "swiss (blitz)"]
[EventRounds "11"]
[EventCountry "USA"]
[SourceTitle "CB20_2025"]
[SourceDate "2025.05.14"]
[SourceVersion "1"]
[SourceVersionDate "2025.05.14"]
[SourceQuality "1"]

1. d4 Nf6 2. Nf3 e6 3. Bf4 b6 4. e3 Bb7 5. Be2 Bd6 6. Bxd6 cxd6 7. 0-0 d5 8. c4 dxc4 9. Bxc4 0-0 10. Nc3 d6 11. Re1 Nbd7 12. Rc1 Qe7 13. Bd3 a6 14. Qe2 e5 15. e4 Rfe8 16. d5 Nc5 17. Nd2 Nxd3 18. Qxd3 Nd7 19. b4 Rec8 20. Qe3 h6 21. a3 Kf8 22. Ne2 Qg5 23. Qxg5 hxg5 24. Nc4 Ke7 25. Ng3 g6 26. Nf1 Rc7 27. Nce3 Rac8 28. Rxc7 Rxc7 29. Nd2 Rc3 30. Nb1 Rc7 31. Kf1 a5 32. Ke2 Ba6+ 33. Kd2 Nf6 34. f3 Nh5 35. g3 Nf6 36. Rc1 Rxc1 37. Kxc1 Be2 38. Nd2 axb4 39. axb4 Kd7 40. Kc2 g4 41. fxg4 Nxg4 42. Nxg4 Bxg4 43. Kc3 Be2 44. Nc4 Kc7 45. h4 f5 46. Nd2 f4 47. gxf4 exf4 48. Kc2 f3 49. Nxf3 Bxf3 50. Kd3 Kd7 51. Kd4 Ke7 52. e5 dxe5+ 53. Kxe5 b5 54. Kf4 Bxd5 55. Kg5 Be4 56. Kf4 Bc2 57. Kg5 Kd6 0-1

[Event "Titled Tuesday intern op 06th May Early"]
[Site "Chess.com INT"]
[Date "2025.05.06"]
[Round "5"]
[White "Roubalik, Jakub"]
[Black "Kuchava, Ana"]
[Result "1-0"]
[WhiteElo "2337"]
[BlackElo "2094"]
[PlyCount "77"]
[EventDate "2025.05.06"]
[EventType "swiss (blitz)"]
[EventRounds "11"]
[EventCountry "USA"]
[SourceTitle "CB20_2025"]
[SourceDate "2025.05.14"]
[SourceVersion "1"]
[SourceVersionDate "2025.05.14"]
[SourceQuality "1"]

1. d4 d5 2. c4 dxc4 3. e4 c5 4. d5 Nf6 5. Nc3 e6 6. Bxc4 exd5 7. Bxd5 Nxd5 8. Nxd5 Bd6 9. Ne2 0-0 10. Nec3 a6 11. 0-0 Nc6 12. Qh5 Ne5 13. h3 Be6 14. Bf4 Ng6 15. Bxd6 Qxd6 16. f4 Bxd5 17. Nxd5 f5 18. Rad1 fxe4 19. f5 Qe5 20. Nb6 Rad8 21. Nd7 Rxd7 22. Rxd7 e3 23. Qg4 e2 24. Re1 Qe3+ 25. Kh1 Qf2 26. Rxe2 Qf1+ 27. Kh2 Rxf5 28. Re8+ Rf8 29. Qc4+ Kh8 30. Rxf8+ Qxf8 31. Qf7 Qxf7 32. Rxf7 b5 33. Ra7 h6 34. Rxa6 Ne5 35. Ra5 Nd3 36. Rxb5 Kg8 37. a4 Kf7 38. a5 Nb4 39. Rxc5 1-0

[Event "Titled Tuesday intern op 06th May Early"]
[Site "Chess.com INT"]
[Date "2025.05.06"]
[Round "3"]
[White "Roubalik, Jakub"]
[Black "Levitsky, Andrey"]
[Result "0-1"]
[WhiteElo "2337"]
[BlackElo "2294"]
[PlyCount "126"]
[EventDate "2025.05.06"]
[EventType "swiss (blitz)"]
[EventRounds "11"]
[EventCountry "USA"]
[SourceTitle "CB20_2025"]
[SourceDate "2025.05.14"]
[SourceVersion "1"]
[SourceVersionDate "2025.05.14"]
[SourceQuality "1"]

1. d4 Nf6 2. c4 e6 3. Nc3 Bb4 4. a3 Bxc3+ 5. bxc3 b6 6. e3 Nc6 7. Bd3 Ba6 8. e4 e5 9. Ne2 Na5 10. dxe5 Ng8 11. 0-0 Ne7 12. f4 Nec6 13. Ng3 g6 14. Qe2 Nb3 15. Rb1 Nxc1 16. Rbxc1 Qe7 17. a4 Na5 18. Kh1 h5 19. Qf2 0-0-0 20. Ne2 Kb8 21. Nd4 Qc5 22. Nb5 Nb3 23. Rcd1 Qxf2 24. Rxf2 Nc5 25. Bc2 Bb7 26. Re1 Bc6 27. h4 Rhe8 28. Kh2 a6 29. Nd4 Bxa4 30. Bxa4 Nxa4 31. Re3 Nc5 32. Nf3 Re7 33. Ng5 Rf8 34. g4 hxg4 35. Kg3 a5 36. Kxg4 a4 37. Rh2 Kb7 38. h5 gxh5+ 39. Rxh5 a3 40. Rh2 Ra8 41. Ra2 Nb3 42. Re1 Kc6 43. Nf3 Kc5 44. Kf5 Kxc4 45. Kf6 Ree8 46. Kxf7 Rf8+ 47. Ke7 Rxf4 48. Nd2+ Nxd2 49. Rxd2 a2 50. Ra1 Kxc3 51. Rdxa2 Rxa2 52. Rxa2 Rxe4 53. Kxd7 Rxe5 54. Kxc7 b5 55. Rh2 b4 56. Kc6 b3 57. Rh3+ Kc2 58. Rh2+ Kc3 59. Rh3+ Kb2 60. Rh2+ Ka3 61. Rh3 Ka2 62. Rh2+ b2 63. Rg2 Ka1 0-1

[Event "Karlsruhe Grenke op"]
[Site "Karlsruhe"]
[Date "2025.04.20"]
[Round "6"]
[White "Schmidek, Emil"]
[Black "Roubalik, Jakub"]
[Result "1-0"]
[WhiteElo "2435"]
[BlackElo "2323"]
[PlyCount "87"]
[EventDate "2025.04.17"]
[EventType "swiss"]
[EventRounds "9"]
[EventCountry "GER"]
[SourceTitle "CB17_2025"]
[SourceDate "2025.04.23"]
[SourceVersion "1"]
[SourceVersionDate "2025.04.23"]
[SourceQuality "1"]

1. d4 Nf6 2. c4 e6 3. Nc3 Bb4 4. e3 b6 5. Nge2 Ba6 6. a3 Bxc3+ 7. Nxc3 d5 8. b3 0-0 9. Be2 Nc6 10. a4 Re8 11. Bb2 dxc4 12. bxc4 e5 13. d5 Na5 14. Nb5 Bb7 15. d6 cxd6 16. Nxd6 Re6 17. Nxb7 Nxb7 18. 0-0 Qc7 19. Qc2 Rc8 20. Rfd1 Rd8 21. Rxd8+ Qxd8 22. Rd1 Qe7 23. h3 Nc5 24. a5 bxa5 25. Ba3 Qc7 26. Qd2 Re8 27. Qd6 Qxd6 28. Rxd6 Nce4 29. Ra6 Nc3 30. Bd3 Rd8 31. Rxa7 h6 32. Bc2 a4 33. Be7 Rc8 34. Bf5 Re8 35. Bb4 Nfe4 36. c5 g6 37. Bd7 Rb8 38. Bxc3 Nxc3 39. c6 Rb1+ 40. Kh2 Nd5 41. c7 Nxc7 42. Rxc7 a3 43. Ra7 Rb2 44. Kg3 1-0

[Event "Karlsruhe Grenke op"]
[Site "Karlsruhe"]
[Date "2025.04.18"]
[Round "3"]
[White "Roubalik, Jakub"]
[Black "Yuffa, Daniil"]
[Result "0-1"]
[WhiteElo "2323"]
[BlackElo "2649"]
[PlyCount "48"]
[EventDate "2025.04.17"]
[EventType "swiss"]
[EventRounds "9"]
[EventCountry "GER"]
[SourceTitle "CB17_2025"]
[SourceDate "2025.04.23"]
[SourceVersion "1"]
[SourceVersionDate "2025.04.23"]
[SourceQuality "1"]

1. d4 Nf6 2. c4 e6 3. Nc3 Bb4 4. e3 0-0 5. Bd3 Re8 6. Nge2 d5 7. 0-0 Bd6 8. c5 Bf8 9. b4 e5 10. dxe5 Rxe5 11. Bb2 Re8 12. Nf4 c6 13. Nh5 Nxh5 14. Qxh5 g6 15. Qd1 Bg7 16. Qc2 a5 17. a3 Nd7 18. e4 Ne5 19. exd5 axb4 20. axb4 Nf3+ 21. gxf3 Qg5+ 22. Kh1 Bh3 23. Rg1 Rxa1 24. Bxa1 Qxg1+ 0-1

[Event "CZE-chT1E 2425"]
[Site "Czech Republic"]
[Date "2025.04.06"]
[Round "11.3"]
[White "Seidl, Stepan"]
[Black "Roubalik, Jakub"]
[Result "1/2-1/2"]
[WhiteElo "2161"]
[BlackElo "2315"]
[PlyCount "40"]
[EventDate "2024.10.20"]
[EventType "team-tourn"]
[EventRounds "11"]
[EventCountry "CZE"]
[SourceTitle "CB16_2025"]
[SourceDate "2025.04.16"]
[SourceVersion "1"]
[SourceVersionDate "2025.04.16"]
[SourceQuality "1"]
[WhiteTeam "Jundrov Jezdci"]
[BlackTeam "Brno Moravska Slavia II"]
[WhiteTeamCountry "CZE"]
[BlackTeamCountry "CZE"]

1. e4 c5 2. Nf3 Nc6 3. Bb5 d6 4. 0-0 Bg4 5. d3 Nf6 6. Bg5 Qb6 7. Nc3 a6 8. Bxc6+ Qxc6 9. h3 Bxf3 10. Qxf3 Nd7 11. Nd5 e6 12. Qe2 h6 13. Bh4 g5 14. Bg3 0-0-0 15. Ne3 Bg7 16. Nc4 Ne5 17. Bxe5 Bxe5 18. Rab1 Bg7 19. b4 d5 20. exd5 exd5 1/2-1/2

[Event "Titled Tuesday intern op 04th Feb Early"]
[Site "Chess.com INT"]
[Date "2025.02.04"]
[Round "3"]
[White "Smirnov, Mark1"]
[Black "Roubalik, Jakub"]
[Result "1-0"]
[WhiteElo "2336"]
[BlackElo "2321"]
[PlyCount "61"]
[EventDate "2025.02.04"]
[EventType "swiss (blitz)"]
[EventRounds "11"]
[EventCountry "USA"]
[SourceTitle "CB07_2025"]
[SourceDate "2025.02.12"]
[SourceVersion "1"]
[SourceVersionDate "2025.02.12"]
[SourceQuality "1"]

1. e4 e5 2. Nf3 Nc6 3. d4 exd4 4. c3 d3 5. Bxd3 d6 6. h3 Nf6 7. c4 Be7 8. Nc3 0-0 9. 0-0 Ne5 10. b3 Re8 11. Bb2 Bf8 12. Re1 c6 13. Nd4 Qb6 14. Bf1 Bd7 15. Qd2 Rad8 16. Rad1 Bc8 17. Qg5 Ng6 18. Qg3 Nh5 19. Qf3 Nhf4 20. Nf5 Ne6 21. h4 Ne5 22. Qg3 g6 23. Nxd6 Rxd6 24. Qxe5 Rxd1 25. Rxd1 Bg7 26. Qg3 Qa5 27. Qe3 Qh5 28. g3 Bxc3 29. Qxc3 Kf8 30. Qh8+ Ke7 31. Bf6# 1-0

[Event "Titled Tuesday intern op 28th Jan Early"]
[Site "Chess.com INT"]
[Date "2025.01.28"]
[Round "9"]
[White "Kleimenov, Nikolay"]
[Black "Roubalik, Jakub"]
[Result "1-0"]
[WhiteElo "2123"]
[BlackElo "2319"]
[PlyCount "53"]
[EventDate "2025.01.28"]
[EventType "swiss (blitz)"]
[EventRounds "11"]
[EventCountry "USA"]
[SourceTitle "CB06_2025"]
[SourceDate "2025.02.05"]
[SourceVersion "1"]
[SourceVersionDate "2025.02.05"]
[SourceQuality "1"]

1. e4 c5 2. Nf3 Nc6 3. Bb5 e6 4. Bxc6 bxc6 5. d3 d6 6. e5 dxe5 7. Nxe5 Bd6 8. Nc4 Be7 9. Nc3 Nf6 10. Be3 Nd5 11. Ne4 f5 12. Nc3 0-0 13. Bd2 Qc7 14. Qe2 Bf6 15. 0-0-0 e5 16. Rhe1 Re8 17. Na4 e4 18. Nxc5 Rb8 19. dxe4 Rb5 20. Qd3 Rxc5 21. exd5 Rxe1 22. Rxe1 cxd5 23. Ne3 Qb6 24. b4 Ba6 25. Qb3 Rc4 26. Nxd5 Qxf2 27. Ne3 1-0

[Event "SVK-chT 2425"]
[Site "Slovakia"]
[Date "2025.01.18"]
[Round "3.4"]
[White "Durana, Jonas"]
[Black "Roubalik, Jakub"]
[Result "1/2-1/2"]
[WhiteElo "1968"]
[BlackElo "2319"]
[PlyCount "118"]
[EventDate "2024.11.23"]
[EventType "team-tourn"]
[EventRounds "11"]
[EventCountry "SVK"]
[SourceTitle "CB14_2025"]
[SourceDate "2024.11.01"]
[SourceVersion "1"]
[SourceVersionDate "2024.11.01"]
[SourceQuality "1"]
[WhiteTeam "Bratislava KSN"]
[BlackTeam "Dubnica nad Vahom"]
[WhiteTeamCountry "SVK"]
[BlackTeamCountry "SVK"]

1. e4 e5 2. Nf3 Nc6 3. Bc4 Nf6 4. d3 Bc5 5. Nc3 h6 6. a3 a6 7. Be3 d6 8. Bxc5 dxc5 9. h3 Qd6 10. 0-0 0-0 11. Qd2 b5 12. Ba2 Be6 13. Bxe6 Qxe6 14. Ne2 Rad8 15. Qc3 c4 16. Rac1 Rd7 17. Ng3 Rfd8 18. Rfd1 Kh7 19. Rd2 Nd4 20. Nxd4 Rxd4 21. Rcd1 c5 22. Nf5 R4d7 23. f3 g6 24. Ne3 cxd3 25. Rxd3 c4 26. Rxd7 Rxd7 27. Rxd7 Nxd7 28. Nd5 Nf6 29. Nxf6+ Qxf6 30. Kf2 Qh4+ 31. Kf1 Qg5 32. Qe1 h5 33. g3 Qd8 34. c3 Qd3+ 35. Qe2 Qb1+ 36. Kf2 Qc1 37. g4 h4 38. Kg2 Kg7 39. Qf2 Kg8 40. Kh2 Kg7 41. Kg2 Qg5 42. Kh2 Kh7 43. Kh1 Kh6 44. Kg2 a5 45. Qe1 Kg7 46. Kf1 Qd8 47. Kg2 Qg5 48. Kf1 Kf8 49. Kg2 Kg8 50. Kf1 Qd8 51. Kg2 Kg7 52. Qf2 g5 53. Qe2 Qd6 54. Kf2 Kg6 55. Ke1 Qb6 56. Qf2 Qd6 57. Qd2 Qb6 58. Qf2 Qxf2+ 59. Kxf2 a4 1/2-1/2

[Event "Titled Tuesday intern op 24th Sep Early"]
[Site "Chess.com INT"]
[Date "2024.09.24"]
[Round "7"]
[White "Aloma Vidal, Roberto"]
[Black "Roubalik, Jakub"]
[Result "1-0"]
[WhiteElo "2408"]
[BlackElo "2315"]
[PlyCount "79"]
[EventDate "2024.09.24"]
[EventType "swiss (blitz)"]
[EventRounds "11"]
[EventCountry "USA"]
[SourceTitle "EXT 2025"]
[Source "ChessBase"]
[SourceDate "2024.10.14"]
[SourceVersion "1"]
[SourceVersionDate "2024.10.14"]
[SourceQuality "1"]

1. h4 d5 2. d4 c5 3. e3 Nc6 4. c4 cxd4 5. exd4 Nf6 6. Nc3 e6 7. Nf3 Be7 8. Bd3 h6 9. a3 dxc4 10. Bxc4 Nd5 11. h5 Bf6 12. 0-0 Nb6 13. Bb5 Bd7 14. d5 Nxd5 15. Nxd5 exd5 16. Qxd5 0-0 17. Bd3 Ne7 18. Qb3 Bg4 19. Be4 Bxh5 20. Bxb7 Rb8 21. Bf4 Ng6 22. Bxb8 Qxb8 23. Rfe1 Nf4 24. Rad1 Qc7 25. Bd5 Rb8 26. Qa4 Nxd5 27. Re8+ Rxe8 28. Qxe8+ Kh7 29. Qe4+ Bg6 30. Qxd5 Bxb2 31. a4 Qc2 32. a5 Bf6 33. a6 Be4 34. Qd7 Qa2 35. Nd2 Bc2 36. Rc1 Bg6 37. Qd6 Bg5 38. f4 Bh4 39. Rf1 Bf6 40. Nf3 1-0

[Event "Titled Tuesday intern op 24th Sep Early"]
[Site "Chess.com INT"]
[Date "2024.09.24"]
[Round "3"]
[White "Roubalik, Jakub"]
[Black "De Pablo Pena, Miguel Angel"]
[Result "1-0"]
[WhiteElo "2315"]
[BlackElo "1746"]
[PlyCount "61"]
[EventDate "2024.09.24"]
[EventType "swiss (blitz)"]
[EventRounds "11"]
[EventCountry "USA"]
[SourceTitle "EXT 2025"]
[Source "ChessBase"]
[SourceDate "2024.10.14"]
[SourceVersion "1"]
[SourceVersionDate "2024.10.14"]
[SourceQuality "1"]

1. c4 e5 2. Nc3 f5 3. d4 e4 4. Nh3 Nf6 5. Bg5 Be7 6. e3 0-0 7. Be2 c6 8. d5 d6 9. Qd2 Na6 10. Rd1 Nc5 11. 0-0 h6 12. Bxf6 Rxf6 13. b4 Na6 14. dxc6 bxc6 15. b5 cxb5 16. Nd5 Re6 17. Nhf4 Re5 18. cxb5 Nc5 19. Nxe7+ Rxe7 20. Qxd6 Qxd6 21. Rxd6 Nb7 22. Bc4+ Kh7 23. Rd4 g5 24. Nd5 Rg7 25. Rfd1 Na5 26. Nf6+ Kg6 27. Bd5 Rb8 28. Ne8 Re7 29. Nd6 Bd7 30. a4 Nb7 31. Nxb7 1-0

[Event "Titled Tuesday intern op 24th Sep Early"]
[Site "Chess.com INT"]
[Date "2024.09.24"]
[Round "11"]
[White "Roubalik, Jakub"]
[Black "Ginzburg, Yakov"]
[Result "1-0"]
[WhiteElo "2315"]
[BlackElo "2405"]
[PlyCount "53"]
[EventDate "2024.09.24"]
[EventType "swiss (blitz)"]
[EventRounds "11"]
[EventCountry "USA"]
[SourceTitle "EXT 2025"]
[Source "ChessBase"]
[SourceDate "2024.10.14"]
[SourceVersion "1"]
[SourceVersionDate "2024.10.14"]
[SourceQuality "1"]

1. d4 d5 2. c4 c6 3. Nc3 Nf6 4. Nf3 dxc4 5. e4 b5 6. Be2 b4 7. Na4 Nxe4 8. Bxc4 e6 9. 0-0 Nd7 10. Re1 Ndf6 11. Bd3 Nd6 12. Nc5 Be7 13. Ne5 Qb6 14. Bd2 0-0 15. Rc1 a5 16. Qf3 Bb7 17. Bb1 g6 18. Bh6 Rfd8 19. Bg5 Nde8 20. Ne4 c5 21. dxc5 Qc7 22. c6 Qxe5 23. Nxf6+ Bxf6 24. Rxe5 Bxe5 25. cxb7 Rab8 26. Bxd8 Rxd8 27. Rc8 1-0

[Event "Titled Tuesday intern op 24th Sep Early"]
[Site "Chess.com INT"]
[Date "2024.09.24"]
[Round "1"]
[White "Roubalik, Jakub"]
[Black "Williams, Simon Kim"]
[Result "0-1"]
[WhiteElo "2315"]
[BlackElo "2442"]
[PlyCount "72"]
[EventDate "2024.09.24"]
[EventType "swiss (blitz)"]
[EventRounds "11"]
[EventCountry "USA"]
[SourceTitle "EXT 2025"]
[Source "ChessBase"]
[SourceDate "2024.10.14"]
[SourceVersion "1"]
[SourceVersionDate "2024.10.14"]
[SourceQuality "1"]

1. d4 e6 2. c4 f5 3. Nc3 Nf6 4. Qc2 b6 5. e3 Bb7 6. f3 Nh5 7. Bd3 Bd6 8. Qf2 0-0 9. Nge2 c5 10. Bd2 Nc6 11. 0-0 Rc8 12. Rad1 Qe8 13. b3 Rf6 14. d5 Ne5 15. Bb1 Bb8 16. e4 f4 17. Bc1 g5 18. h3 Rg6 19. dxe6 dxe6 20. Nb5 Qe7 21. Bb2 a6 22. Nbc3 Nf6 23. Na4 Nfd7 24. Rd2 h5 25. Rfd1 g4 26. Nxf4 Nxf3+ 27. gxf3 Bxf4 28. Rxd7 gxh3+ 29. Kh1 Qg5 30. Rg1 Bg3 31. Rxg3 Qxg3 32. Qxg3 Rxg3 33. Rxb7 Rf8 34. Be5 Rg2 35. Nc3 Rxf3 36. Rxb6 Rf1# 0-1

[Event "Titled Tuesday intern op 17th Sep Early"]
[Site "Chess,com INT"]
[Date "2024.09.17"]
[Round "5"]
[White "Roubalik, Jakub"]
[Black "Rodriguez Polo, Mateo"]
[Result "0-1"]
[WhiteElo "2315"]
[BlackElo "2198"]
[PlyCount "80"]
[EventDate "2024.09.17"]
[EventType "swiss (blitz)"]
[EventRounds "11"]
[EventCountry "USA"]
[SourceTitle "EXT 2025"]
[Source "ChessBase"]
[SourceDate "2024.10.14"]
[SourceVersion "1"]
[SourceVersionDate "2024.10.14"]
[SourceQuality "1"]

1. c4 Nf6 2. Nc3 a6 3. Nf3 e6 4. d4 d5 5. cxd5 exd5 6. Bf4 Bd6 7. Bxd6 Qxd6 8. e3 Bf5 9. Bd3 Bxd3 10. Qxd3 0-0 11. Ne5 Nbd7 12. f4 c5 13. 0-0 c4 14. Qe2 b5 15. a3 Rab8 16. g4 a5 17. g5 Ne8 18. Nxd7 Qxd7 19. Qf3 Nc7 20. f5 f6 21. g6 h6 22. Ne2 Rfe8 23. Ng3 Re7 24. Rfe1 Rbe8 25. Qf4 Qc6 26. Rac1 b4 27. axb4 axb4 28. Ra1 c3 29. bxc3 bxc3 30. Ra5 Nb5 31. Qf1 Nxd4 32. Rc1 Nb3 33. Ra6 Qc5 34. Rc2 Rxe3 35. Kg2 Nd4 36. Rc1 Ne2 37. Rc2 Nxg3 38. hxg3 d4 39. Qf4 Qd5+ 40. Kh3 Qe4 0-1

[Event "Titled Tuesday intern op 17th Sep Early"]
[Site "Chess,com INT"]
[Date "2024.09.17"]
[Round "2"]
[White "Roubalik, Jakub"]
[Black "Sachi, Jain"]
[Result "0-1"]
[WhiteElo "2315"]
[BlackElo "2116"]
[PlyCount "76"]
[EventDate "2024.09.17"]
[EventType "swiss (blitz)"]
[EventRounds "11"]
[EventCountry "USA"]
[SourceTitle "EXT 2025"]
[Source "ChessBase"]
[SourceDate "2024.10.14"]
[SourceVersion "1"]
[SourceVersionDate "2024.10.14"]
[SourceQuality "1"]

1. d4 d5 2. c4 e6 3. Nc3 Be7 4. cxd5 exd5 5. Bf4 c5 6. e3 Nf6 7. Nf3 0-0 8. Be2 c4 9. Ne5 a6 10. a3 b5 11. 0-0 Bb7 12. g4 Nc6 13. Bg3 Nd7 14. Nxc6 Bxc6 15. Bf3 Nb6 16. Bg2 a5 17. f4 b4 18. axb4 axb4 19. Rxa8 Qxa8 20. Ne2 Qa2 21. f5 Qxb2 22. Nf4 Qa3 23. Qf3 Re8 24. Nh5 Bg5 25. Kh1 Qxe3 26. Qd1 Ba4 27. Qb1 Qxd4 28. Qxb4 Bd2 29. Qd6 c3 30. f6 g6 31. Ng7 Rf8 32. Be5 Qd3 33. Ne6 Re8 34. Nc5 Qe2 35. Qxb6 Qxe5 36. Nxa4 c2 37. Qc6 c1Q 38. Rxc1 Bxc1 0-1

[Event "Titled Tuesday intern op 27th Aug Early"]
[Site "Chess.com INT"]
[Date "2024.08.27"]
[Round "5"]
[White "Finegold, Benjamin"]
[Black "Roubalik, Jakub"]
[Result "1/2-1/2"]
[WhiteElo "2400"]
[BlackElo "2315"]
[PlyCount "118"]
[EventDate "2024.08.27"]
[EventType "swiss (blitz)"]
[EventRounds "11"]
[EventCountry "USA"]
[SourceTitle "EXT 2025"]
[Source "ChessBase"]
[SourceDate "2024.10.14"]
[SourceVersion "1"]
[SourceVersionDate "2024.10.14"]
[SourceQuality "1"]

1. d4 Nf6 2. c4 e6 3. Nc3 Bb4 4. Qc2 d5 5. cxd5 exd5 6. Bg5 h6 7. Bh4 0-0 8. e3 Be6 9. Bd3 Nbd7 10. Nge2 c5 11. 0-0 Rc8 12. dxc5 Nxc5 13. Rad1 Qe7 14. a3 Bxc3 15. Nxc3 Rfd8 16. Qe2 Nxd3 17. Rxd3 Rc4 18. Bxf6 Qxf6 19. Rfd1 d4 20. Qd2 Bg4 21. f3 Bf5 22. Rxd4 Rcxd4 23. exd4 Qb6 24. Qf2 Qb3 25. Re1 Rd7 26. d5 a6 27. h3 Kh7 28. Kh2 Bg6 29. Re2 Qc4 30. Rd2 Qf4+ 31. g3 Qd6 32. f4 f6 33. Qf3 Rc7 34. Ne4 Qd7 35. g4 Rc4 36. f5 Bf7 37. Nc3 Qd6+ 38. Qg3 Qc5 39. d6 Rd4 40. Rxd4 Qxd4 41. h4 Qd2+ 42. Kh3 Bc4 43. Qf3 Qxd6 44. g5 fxg5 45. hxg5 hxg5 46. Kg2 Qd4 47. Qh5+ Kg8 48. Qe8+ Kh7 49. Qh5+ Kg8 50. Qxg5 Bd5+ 51. Nxd5 Qxd5+ 52. Kg3 Qd3+ 53. Kg4 Qe2+ 54. Kf4 Qd2+ 55. Kg4 Qe2+ 56. Kh4 Qh2+ 57. Kg4 Qg2+ 58. Kf4 Qd2+ 59. Kg4 Qe2+ 1/2-1/2

[Event "Titled Tuesday intern op 27th Aug Early"]
[Site "Chess.com INT"]
[Date "2024.08.27"]
[Round "8"]
[White "Garcia Correa, Jose Ricardo"]
[Black "Roubalik, Jakub"]
[Result "0-1"]
[WhiteElo "2103"]
[BlackElo "2315"]
[PlyCount "106"]
[EventDate "2024.08.27"]
[EventType "swiss (blitz)"]
[EventRounds "11"]
[EventCountry "USA"]
[SourceTitle "EXT 2025"]
[Source "ChessBase"]
[SourceDate "2024.10.14"]
[SourceVersion "1"]
[SourceVersionDate "2024.10.14"]
[SourceQuality "1"]

1. e4 c5 2. Nf3 e6 3. d4 cxd4 4. Nxd4 a6 5. Nc3 Qc7 6. Bd3 Nf6 7. Qe2 d6 8. Bg5 Be7 9. f3 Nbd7 10. 0-0-0 b5 11. Qd2 Bb7 12. Kb1 b4 13. Na4 Nc5 14. Nxc5 dxc5 15. Bxf6 Bxf6 16. Nb3 0-0 17. Bc4 Rfd8 18. Qe3 Qe5 19. c3 bxc3 20. bxc3 h6 21. Kc2 Rxd1 22. Rxd1 Qxh2 23. Rd2 Bg5 24. g4 Qe5 25. Qxc5 Qxc5 26. Nxc5 Bxd2 27. Nxb7 Bf4 28. a4 a5 29. Bb5 g6 30. c4 h5 31. g5 h4 32. Nc5 h3 33. Nd3 h2 34. Nf2 Rd8 35. Nh1 Rd2+ 36. Kc3 Rd1 37. Nf2 Rf1 38. Nd3 h1Q 39. Nxf4 Qxf3+ 40. Nd3 Qxe4 41. c5 Rf3 42. c6 Rxd3+ 43. Bxd3 Qxc6+ 44. Kb3 Qc5 45. Bb5 Kf8 46. Kb2 Ke7 47. Kb3 Kd6 48. Kb2 Ke5 49. Kb3 Kd4 50. Kb2 Qc3+ 51. Kb1 Qd2 52. Be8 Kc3 53. Bxf7 Qb2# 0-1

[Event "Titled Tuesday intern op 27th Aug Early"]
[Site "Chess.com INT"]
[Date "2024.08.27"]
[Round "9"]
[White "Roubalik, Jakub"]
[Black "Malyi, Viacheslav"]
[Result "1/2-1/2"]
[WhiteElo "2315"]
[BlackElo "2391"]
[PlyCount "88"]
[EventDate "2024.08.27"]
[EventType "swiss (blitz)"]
[EventRounds "11"]
[EventCountry "USA"]
[SourceTitle "EXT 2025"]
[Source "ChessBase"]
[SourceDate "2024.10.14"]
[SourceVersion "1"]
[SourceVersionDate "2024.10.14"]
[SourceQuality "1"]

1. d4 Nf6 2. c4 e6 3. Nf3 b6 4. a3 Ba6 5. Qc2 d5 6. cxd5 exd5 7. Nc3 c6 8. Bg5 Nbd7 9. g3 h6 10. Bf4 Be7 11. Bg2 0-0 12. 0-0 Re8 13. Ne5 Nxe5 14. Bxe5 Nd7 15. Bf4 Bf6 16. Rad1 Bg5 17. Bxg5 Qxg5 18. Rfe1 Qg6 19. Qxg6 fxg6 20. e4 Nf6 21. exd5 cxd5 22. Nxd5 Rxe1+ 23. Rxe1 Rd8 24. Nxf6+ gxf6 25. d5 Bb7 26. Re7 Bxd5 27. Bxd5+ Rxd5 28. Rxa7 Rd2 29. b4 b5 30. Kg2 Ra2 31. h4 h5 32. Kf3 Kf8 33. Ke3 Kg8 34. f3 Rg2 35. Kf4 Ra2 36. g4 hxg4 37. fxg4 Rh2 38. Kg3 Ra2 39. g5 f5 40. Kf4 Re2 41. Kf3 Rh2 42. Kg3 Ra2 43. Ra8+ Kg7 44. Ra7+ Kg8 1/2-1/2